Thai Actor and Actress Nicknames - Statistics

General Stats
  • This quiz has been taken 44 times
  • The average score is 8 of 16
Answer Stats
Name Nickname % Correct
Thanapob Leeluttanakajorn Tor
85%
Supassra Thanachat Kao
79%
Chicha Amatayakul Kitty
72%
Sutatta Udomsilp Punpun
72%
Sananthachat Thanapatpisal Fon
69%
Chanon Santinatornkul Non
64%
Ungsumalynn Sirapatsakmetha Pattie
64%
Narikun Ketprapakorn Frung
62%
Kemisara Paladesh Belle
59%
Arachaporn Pokinpakorn Goy
56%
Nutchapan Paramacharenroj Pepo
31%
Cholsawas Tiewwanichkul Best
28%
Sarit Trilertvichien Pea
23%
Chaisang Narupornkamol Praew
23%
Sirachuch Chienthaworn Michael
18%
Varot Makaduangkeo Arm
10%
No matching quizzes found
Score Distribution
Percent of People with Each Score
Percentile by Number Answered
Your Score History
You have not taken this quiz